Nombra los 20 derbis de fútbol más importantes - mundial - Estadísticas

Estadísticas generales
  • Esta prueba ha sido intentada 140 veces
    139 desde el último reinicio
  • La puntuación promedio es 4 de 20
Estadísticas de respuestas
Hint Respuesta % Correcto
Primer derbi Barcelona - Real Madrid
68%
Boca Juniors - River Plate
61%
Manchester City - Manchester United
49%
Inter - Milan
41%
Celtic - Rangers
27%
Arsenal - Tottenham
22%
Atlético Madrid - Real Madrid
19%
Ajax - Feyenoord
18%
Everton - Liverpool
18%
Lazio - Roma
18%
Benfica - Porto
16%
Manchester United - Liverpool
14%
Bayern München - Borussia Dortmund
6%
Estrella Roja - Partizan
6%
Fenerbahçe - Galatasaray
6%
Corinthians - Palmeiras
2%
Anderlecht - Standard
1%
Marseille - PSG
1%
Olympiakos - Panathinaikos
1%
Millwall - West Ham United
0%
No se encontraron pruebas coincidentes
Distribución de puntuación
Porcentaje de gente con cada puntuación
Porcentaje por número respondido
Historial de tus puntuaciones
No has intentado esta prueba desde el último reinicio